[Event "Budapest Karacsonyi op 3rd"]
[Site "Budapest"]
[Date "2011.12.30"]
[Round "6"]
[White "Hetesi, Zoltan"]
[Black "Koltai, Daniel"]
[Result "0-1"]
[WhiteElo "1493"]
[BlackElo "1422"]
[PlyCount "70"]
[EventDate "2011.12.27"]
[EventType "swiss"]
[EventRounds "7"]
[EventCountry "HUN"]
[SourceTitle "EXT 2020"]
[Source "ChessBase"]
[SourceDate "2019.10.17"]
[SourceVersion "1"]
[SourceVersionDate "2019.10.17"]
[SourceQuality "1"]

1. e4 c5 2. Nf3 d6 3. c3 Nf6 4. Be2 Nc6 5. d4 cxd4 6. cxd4 Nxe4 7. d5 Qa5+ 8. Bd2 Nxd2 9. Qxd2 Qxd2+ 10. Nbxd2 Nb4 11. Bb5+ Bd7 12. Bxd7+ Kxd7 13. 0-0 Nxd5 14. Rfd1 Nb6 15. a4 g6 16. a5 Nd5 17. Ne4 Nf4 18. Ra4 Ne6 19. Rb4 Rb8 20. Rd3 Bg7 21. Rdb3 Rhc8 22. Rxb7+ Rxb7 23. Rxb7+ Rc7 24. Rxc7+ Kxc7 25. b4 Kc6 26. Ne1 Nd4 27. Ng5 f6 28. Ne4 Kb5 29. Nd3 Kc4 30. Nf4 Kxb4 31. Nd5+ Kxa5 32. Nxe7 Kb4 33. Nxd6 Bf8 34. Nec8 Bxd6 35. Nxd6 a5 0-1

[Event "Budapest Karacsonyi op 3rd"]
[Site "Budapest"]
[Date "2011.12.30"]
[Round "7"]
[White "Uhrin, Milan"]
[Black "Hetesi, Zoltan"]
[Result "0-1"]
[WhiteElo "1404"]
[BlackElo "1493"]
[PlyCount "98"]
[EventDate "2011.12.27"]
[EventType "swiss"]
[EventRounds "7"]
[EventCountry "HUN"]
[SourceTitle "EXT 2020"]
[Source "ChessBase"]
[SourceDate "2019.10.17"]
[SourceVersion "1"]
[SourceVersionDate "2019.10.17"]
[SourceQuality "1"]

1. e4 e5 2. Nf3 d5 3. exd5 e4 4. Qe2 f5 5. d3 Nf6 6. dxe4 fxe4 7. c4 Be7 8. Bg5 exf3 9. gxf3 0-0 10. Qd3 Re8 11. Be2 c6 12. Nc3 cxd5 13. cxd5 b6 14. 0-0-0 Ba6 15. Qd2 Bxe2 16. Qxe2 Bb4 17. Qc4 Bxc3 18. d6+ Kh8 19. Qxc3 Nbd7 20. Qd4 h6 21. Be3 Ne5 22. f4 Qc8+ 23. Kb1 Neg4 24. h3 Nxe3 25. fxe3 Re4 26. Qd3 Qd7 27. h4 Rae8 28. Rde1 Ng4 29. Qc3 Qxd6 30. Rhg1 h5 31. f5 Qf6 32. Qxf6 gxf6 33. a3 Rxe3 34. Rc1 Re2 35. Ka2 Rh2 36. Rc7 Ree2 37. Rc8+ Kg7 38. Rc7+ Kf8 39. Rd1 Rxb2+ 40. Ka1 Rbd2 41. Rc8+ Ke7 42. Rxd2 Rxd2 43. Rc7+ Kd6 44. Rh7 Kc5 45. Kb1 Kc4 46. Kc1 Rg2 47. Rxh5 Kc3 48. Kd1 Ne3+ 49. Ke1 Rh2 0-1

[Event "Budapest Karacsonyi op 3rd"]
[Site "Budapest"]
[Date "2011.12.29"]
[Round "5"]
[White "Karacsonyi, Gellert"]
[Black "Hetesi, Zoltan"]
[Result "1-0"]
[WhiteElo "1376"]
[BlackElo "1493"]
[PlyCount "81"]
[EventDate "2011.12.27"]
[EventType "swiss"]
[EventRounds "7"]
[EventCountry "HUN"]
[SourceTitle "EXT 2020"]
[Source "ChessBase"]
[SourceDate "2019.10.17"]
[SourceVersion "1"]
[SourceVersionDate "2019.10.17"]
[SourceQuality "1"]

1. e4 e5 2. Nf3 d5 3. exd5 e4 4. Qe2 f5 5. Nc3 Nf6 6. d3 Bb4 7. dxe4 fxe4 8. Qb5+ c6 9. dxc6 Nxc6 10. Ne5 Bxc3+ 11. bxc3 Bd7 12. Bc4 Nxe5 13. Qxe5+ Qe7 14. Qxe7+ Kxe7 15. 0-0 Rac8 16. Ba3+ Ke8 17. Bb3 Rxc3 18. Rad1 a5 19. Bb2 Rc8 20. Bxf6 gxf6 21. Rfe1 f5 22. a4 b5 23. axb5 Bxb5 24. Rd5 a4 25. Rxb5 axb3 26. cxb3 Rf8 27. g4 f4 28. Rxe4+ Kd7 29. Rb7+ Kd6 30. Rxh7 f3 31. h4 Rc2 32. g5 Ra8 33. Re1 Raa2 34. Rf1 Rab2 35. g6 Rc8 36. Rd1+ Ke6 37. g7 Rg8 38. h5 Kf6 39. h6 Kg6 40. Rh8 Kf7 41. Rxg8 1-0

[Event "Budapest Karacsonyi op 3rd"]
[Site "Budapest"]
[Date "2011.12.28"]
[Round "3"]
[White "Szendeff, Miklos"]
[Black "Hetesi, Zoltan"]
[Result "1-0"]
[WhiteElo "1835"]
[BlackElo "1493"]
[PlyCount "41"]
[EventDate "2011.12.27"]
[EventType "swiss"]
[EventRounds "7"]
[EventCountry "HUN"]
[SourceTitle "EXT 2020"]
[Source "ChessBase"]
[SourceDate "2019.10.17"]
[SourceVersion "1"]
[SourceVersionDate "2019.10.17"]
[SourceQuality "1"]

1. e4 e5 2. Nf3 Nc6 3. Bb5 Nf6 4. 0-0 d6 5. Re1 Bg4 6. h3 Bd7 7. d4 exd4 8. Nxd4 Nxd4 9. Bxd7+ Qxd7 10. Qxd4 Be7 11. c4 0-0 12. Nc3 Rfe8 13. Bf4 b6 14. Rad1 Rad8 15. Kh1 Nh5 16. Bh2 Bf6 17. Qd2 Bxc3 18. Qxc3 Nf6 19. e5 Nh5 20. g4 Qc6+ 21. Kg1 1-0

[Event "Budapest FS08 FM-C"]
[Site "Budapest"]
[Date "2011.08.15"]
[Round "10"]
[White "Bella, Zsolt"]
[Black "Hetesi, Zoltan"]
[Result "1-0"]
[WhiteElo "1471"]
[BlackElo "1501"]
[PlyCount "49"]
[EventDate "2011.08.06"]
[EventType "tourn"]
[EventRounds "10"]
[EventCountry "HUN"]
[SourceTitle "CBM 143 Extra"]
[Source "ChessBase"]
[SourceDate "2011.08.29"]
[SourceVersion "1"]
[SourceVersionDate "2011.08.29"]
[SourceQuality "1"]

1. c4 e5 2. Nc3 Nf6 3. e4 Bc5 4. Nf3 Nc6 5. a3 a6 6. b4 Ba7 7. c5 d5 8. b5 axb5 9. Bxb5 Bd7 10. exd5 Nd4 11. Nxe5 Bxb5 12. Nxb5 Nxb5 13. Qe2 0-0 14. Qxb5 Re8 15. d4 Qxd5 16. 0-0 Qxd4 17. Bb2 Qxc5 18. Qb3 Qd5 19. Qg3 Re6 20. Rad1 Qb5 21. Ba1 Bc5 22. Nd7 Rxa3 23. Nxf6+ Rxf6 24. Rd8+ Bf8 25. Qxa3 1-0

[Event "Budapest FS08 FM-C"]
[Site "Budapest"]
[Date "2011.08.10"]
[Round "5"]
[White "Hetesi, Zoltan"]
[Black "Bella, Zsolt"]
[Result "0-1"]
[WhiteElo "1501"]
[BlackElo "1471"]
[PlyCount "55"]
[EventDate "2011.08.06"]
[EventType "tourn"]
[EventRounds "10"]
[EventCountry "HUN"]
[SourceTitle "CBM 143 Extra"]
[Source "ChessBase"]
[SourceDate "2011.08.29"]
[SourceVersion "1"]
[SourceVersionDate "2011.08.29"]
[SourceQuality "1"]

1. e4 g6 2. d4 Bg7 3. Nf3 d6 4. Bc4 Nc6 5. Nc3 e5 6. d5 Nce7 7. Bg5 Nf6 8. Qd2 Neg8 9. 0-0-0 a6 10. a3 b5 11. Bb3 Qd7 12. Na2 Nxe4 13. Qe3 Nxg5 14. Nxg5 Bh6 15. f4 f6 16. Nh3 Ne7 17. g3 Qxh3 18. Qf2 0-0 19. Kb1 Qf5 20. Rhf1 exf4 21. gxf4 Bb7 22. Nb4 a5 23. Nc6 Rae8 24. Nd4 Qd7 25. Ne6 Rf7 26. h4 b4 27. a4 c6 28. f5 0-1

[Event "Budapest FS07 FM-C"]
[Site "Budapest"]
[Date "2011.07.05"]
[Round "4.3"]
[White "Vujosevics, Eszter"]
[Black "Hetesi, Zoltan"]
[Result "1-0"]
[WhiteElo "1431"]
[BlackElo "1501"]
[PlyCount "35"]
[EventDate "2011.07.02"]
[EventType "tourn"]
[EventRounds "10"]
[EventCountry "HUN"]
[SourceTitle "CBM 143 Extra"]
[Source "ChessBase"]
[SourceDate "2011.08.29"]
[SourceVersion "1"]
[SourceVersionDate "2011.08.29"]
[SourceQuality "1"]

1. e4 e5 2. Nf3 Nc6 3. Bc4 Nf6 4. d3 d5 5. exd5 Nxd5 6. 0-0 Bg4 7. c3 Bc5 8. Nbd2 0-0 9. h3 Bh5 10. Ne4 Bb6 11. Bg5 f6 12. Bh4 Bf7 13. Nh2 g5 14. Qg4 h5 15. Qg3 Kh8 16. Nxg5 fxg5 17. Bxg5 Nf4 18. Rae1 1-0

[Event "Budapest FS04 FM-B"]
[Site "Budapest"]
[Date "2011.04.12"]
[Round "11"]
[White "Hetesi, Zoltan"]
[Black "Kozak, Adam"]
[Result "0-1"]
[WhiteElo "1530"]
[BlackElo "1690"]
[PlyCount "52"]
[EventDate "2011.04.02"]
[EventType "tourn"]
[EventRounds "11"]
[EventCountry "HUN"]
[SourceTitle "CBM 141 Extra"]
[Source "ChessBase"]
[SourceDate "2011.05.03"]
[SourceVersion "1"]
[SourceVersionDate "2011.05.03"]
[SourceQuality "1"]

1. e4 c5 2. Nf3 d6 3. Bc4 e6 4. Nc3 Nf6 5. d3 Be7 6. Be3 Nc6 7. d4 cxd4 8. Nxd4 a6 9. 0-0 Qd7 10. f4 b5 11. Be2 Bb7 12. Nf3 b4 13. e5 bxc3 14. exf6 Bxf6 15. b3 0-0 16. Bd3 Nb4 17. Ng5 Nxd3 18. Qxd3 Bxg5 19. fxg5 Qc6 20. Rf3 Qe4 21. Qxd6 Qxc2 22. Rg3 Rad8 23. Qe5 Rd1+ 24. Rxd1 Qxd1+ 25. Kf2 Rd8 26. g6 Qc2+ 0-1

[Event "Budapest FS04 FM-B"]
[Site "Budapest"]
[Date "2011.04.02"]
[Round "1"]
[White "Benyeda, Tibor"]
[Black "Hetesi, Zoltan"]
[Result "1-0"]
[WhiteElo "1637"]
[BlackElo "1530"]
[PlyCount "47"]
[EventDate "2011.04.02"]
[EventType "tourn"]
[EventRounds "11"]
[EventCountry "HUN"]
[SourceTitle "CBM 141 Extra"]
[Source "ChessBase"]
[SourceDate "2011.05.03"]
[SourceVersion "1"]
[SourceVersionDate "2011.05.03"]
[SourceQuality "1"]

1. Nf3 d5 2. d4 Bf5 3. c4 e6 4. Qb3 dxc4 5. Qxb7 Nd7 6. Nbd2 Ngf6 7. e4 Rb8 8. Qxa7 Nxe4 9. Nxe4 Bxe4 10. Qa4 Bxf3 11. gxf3 Bb4+ 12. Kd1 0-0 13. Qc2 Qf6 14. Qe4 Rfd8 15. Kc2 Nb6 16. Be3 c3 17. b3 Ba3 18. Rg1 Bb2 19. Rd1 Nd5 20. Bg5 Nb4+ 21. Kb1 Qxd4 22. Rxd4 Rxd4 23. Qxd4 c2+ 24. Kxb2 1-0

[Event "Budapest FS11 FM-C"]
[Site "Budapest"]
[Date "2010.11.10"]
[Round "5"]
[White "Hetesi, Zoltan"]
[Black "Somogyi, Theodora"]
[Result "1-0"]
[WhiteElo "1523"]
[BlackElo "1264"]
[PlyCount "52"]
[EventDate "2010.11.06"]
[EventType "tourn"]
[EventRounds "10"]
[EventCountry "HUN"]
[SourceTitle "EXT 2011"]
[Source "ChessBase"]
[SourceDate "2010.11.26"]
[SourceVersion "1"]
[SourceVersionDate "2010.11.26"]
[SourceQuality "1"]

1. e4 c5 2. Nf3 Nc6 3. c3 e5 4. d4 cxd4 5. cxd4 d6 6. d5 Nce7 7. Be3 Bd7 8. Nc3 Nf6 9. Bd3 a6 10. 0-0 Ng6 11. Qb3 b5 12. Nd2 Nh4 13. Bg5 Nxg2 14. Kxg2 Bh3+ 15. Kxh3 Qd7+ 16. Kg2 Qg4+ 17. Kh1 Qxg5 18. Nf3 Qf4 19. Be2 Rb8 20. Rac1 Be7 21. Qc2 0-0 22. Qd2 Qg4 23. Nxe5 Qh4 24. Nc6 Rbe8 25. f3 Nh5 26. Rg1 g6 1-0

[Event "Budapest FS10 FM-B"]
[Site "Budapest"]
[Date "2010.10.03"]
[Round "2"]
[White "Hetesi, Zoltan"]
[Black "Muller, Daniel1111"]
[Result "0-1"]
[WhiteElo "1540"]
[BlackElo "1535"]
[PlyCount "64"]
[EventDate "2010.10.02"]
[EventType "tourn"]
[EventRounds "11"]
[EventCountry "HUN"]
[SourceTitle "CBM 138 Extra"]
[Source "ChessBase"]
[SourceDate "2010.10.29"]
[SourceVersion "1"]
[SourceVersionDate "2010.10.29"]
[SourceQuality "1"]

1. e4 g6 2. d4 d6 3. Nf3 Bg7 4. Bc4 Nf6 5. Nc3 c6 6. Bf4 0-0 7. Qd2 b5 8. Bb3 b4 9. Ne2 Nxe4 10. Qxb4 a5 11. Qa4 Bd7 12. Bc4 c5 13. Qb3 cxd4 14. Bd5 a4 15. Qd3 Nc5 16. Qd2 Bc6 17. Bxc6 Nxc6 18. Bh6 e5 19. Bxg7 Kxg7 20. Ng3 f5 21. b4 axb3 22. cxb3 Nxb3 23. Ng5 Qf6 24. Qc2 Nxa1 25. Qxc6 Qxg5 26. 0-0 Rxa2 27. Qxd6 Qf6 28. Qd7+ Rf7 29. Qd5 Rfa7 30. Rb1 Nc2 31. Rb7+ Rxb7 32. Qxb7+ Qf7 0-1

[Event "Budapest FS08 FM-C"]
[Site "Budapest"]
[Date "2010.08.16"]
[Round "10"]
[White "Benyeda, Tibor"]
[Black "Hetesi, Zoltan"]
[Result "1-0"]
[WhiteElo "1642"]
[BlackElo "1543"]
[PlyCount "39"]
[EventDate "2010.08.07"]
[EventType "tourn"]
[EventRounds "11"]
[EventCountry "HUN"]
[SourceTitle "CBM 137 Extra"]
[Source "ChessBase"]
[SourceDate "2010.09.01"]
[SourceVersion "1"]
[SourceVersionDate "2010.09.01"]
[SourceQuality "1"]

1. d4 f5 2. c4 Nf6 3. Nf3 g6 4. Nc3 Bg7 5. g3 c6 6. Bg2 d5 7. b3 dxc4 8. bxc4 0-0 9. 0-0 Re8 10. Bb2 Ne4 11. e3 c5 12. Nxe4 fxe4 13. Ne5 cxd4 14. exd4 Bf5 15. g4 Bxe5 16. gxf5 Bc7 17. fxg6 hxg6 18. Bxe4 Nc6 19. Qg4 Qd6 20. Qxg6+ 1-0

[Event "Budapest FS08 FM-C"]
[Site "Budapest"]
[Date "2010.08.15"]
[Round "9"]
[White "Hetesi, Zoltan"]
[Black "Bohus, Adam"]
[Result "1/2-1/2"]
[WhiteElo "1543"]
[BlackElo "1617"]
[PlyCount "24"]
[EventDate "2010.08.07"]
[EventType "tourn"]
[EventRounds "11"]
[EventCountry "HUN"]
[SourceTitle "CBM 137 Extra"]
[Source "ChessBase"]
[SourceDate "2010.09.01"]
[SourceVersion "1"]
[SourceVersionDate "2010.09.01"]
[SourceQuality "1"]

1. e4 c5 2. Nf3 Nc6 3. Bb5 g6 4. c3 Bg7 5. d4 cxd4 6. cxd4 e6 7. Nc3 d5 8. e5 Nge7 9. Bg5 0-0 10. Qd2 a6 11. Ba4 Qc7 12. Rc1 Qb6 1/2-1/2

[Event "Budapest FS08 FM-C"]
[Site "Budapest"]
[Date "2010.08.12"]
[Round "6"]
[White "Toth, Antal"]
[Black "Hetesi, Zoltan"]
[Result "1/2-1/2"]
[WhiteElo "1694"]
[BlackElo "1543"]
[PlyCount "36"]
[EventDate "2010.08.07"]
[EventType "tourn"]
[EventRounds "11"]
[EventCountry "HUN"]
[SourceTitle "CBM 137 Extra"]
[Source "ChessBase"]
[SourceDate "2010.09.01"]
[SourceVersion "1"]
[SourceVersionDate "2010.09.01"]
[SourceQuality "1"]

1. e4 e5 2. Nf3 d5 3. exd5 e4 4. Qe2 Nf6 5. c4 Bb4 6. Nd4 Bc5 7. Nc2 Bd6 8. Ne3 Nbd7 9. Qd1 Ne5 10. Be2 c6 11. 0-0 cxd5 12. cxd5 Bc7 13. Nc3 Qd6 14. g3 Bh3 15. Re1 Rd8 16. Nb5 Qc5 17. Nxc7+ Qxc7 18. Qb3 b6 1/2-1/2

[Event "Budapest FS08 FM-C"]
[Site "Budapest"]
[Date "2010.08.07"]
[Round "1"]
[White "Simon, Tamas"]
[Black "Hetesi, Zoltan"]
[Result "1-0"]
[WhiteElo "1788"]
[BlackElo "1543"]
[PlyCount "35"]
[EventDate "2010.08.07"]
[EventType "tourn"]
[EventRounds "11"]
[EventCountry "HUN"]
[SourceTitle "CBM 137 Extra"]
[Source "ChessBase"]
[SourceDate "2010.09.01"]
[SourceVersion "1"]
[SourceVersionDate "2010.09.01"]
[SourceQuality "1"]

1. d4 d5 2. c4 Nf6 3. Nf3 Bf5 4. Qb3 dxc4 5. Qxb7 Be4 6. Qb5+ Bc6 7. Qxc4 Bxf3 8. gxf3 e6 9. Bg2 c6 10. Nc3 Qb6 11. a3 Na6 12. 0-0 Nc7 13. Bg5 Nd7 14. Rac1 f6 15. Bh4 Rc8 16. Na4 Qb7 17. Qxc6 Qxc6 18. Rxc6 1-0

[Event "Budapest FS06 FM-B"]
[Site "Budapest"]
[Date "2010.06.08"]
[Round "4"]
[White "Toth, Antal"]
[Black "Hetesi, Zoltan"]
[Result "1-0"]
[WhiteElo "1657"]
[BlackElo "1546"]
[PlyCount "61"]
[EventDate "2010.06.05"]
[EventType "tourn"]
[EventRounds "11"]
[EventCountry "HUN"]
[SourceTitle "CBM 136 Extra"]
[Source "ChessBase"]
[SourceDate "2010.07.02"]
[SourceVersion "2"]
[SourceVersionDate "2010.07.15"]
[SourceQuality "1"]

1. e4 e5 2. Nf3 Nc6 3. Bb5 a6 4. Ba4 b5 5. Bb3 Bc5 6. c3 Nf6 7. Bc2 d5 8. d4 dxe4 9. Nxe5 Nxe5 10. dxe5 Qxd1+ 11. Bxd1 Ng4 12. Bxg4 Bxg4 13. 0-0 0-0 14. Re1 Rfd8 15. Nd2 Bf5 16. Nb3 Bb6 17. Bf4 Rd3 18. h3 h6 19. Rad1 Rad8 20. Rxd3 Rxd3 21. Kf1 c5 22. Be3 Be6 23. Nxc5 Bxc5 24. Bxc5 Bc4 25. Kg1 Bxa2 26. Rxe4 Bb1 27. Re1 Ba2 28. Ra1 Bc4 29. Rxa6 Rd1+ 30. Kh2 Rd2 31. b4 1-0

[Event "Budapest FS06 FM-B"]
[Site "Budapest"]
[Date "2010.06.06"]
[Round "2"]
[White "Benyeda, Tibor"]
[Black "Hetesi, Zoltan"]
[Result "1-0"]
[WhiteElo "1670"]
[BlackElo "1546"]
[PlyCount "89"]
[EventDate "2010.06.05"]
[EventType "tourn"]
[EventRounds "11"]
[EventCountry "HUN"]
[SourceTitle "CBM 136 Extra"]
[Source "ChessBase"]
[SourceDate "2010.07.02"]
[SourceVersion "2"]
[SourceVersionDate "2010.07.15"]
[SourceQuality "1"]

1. d4 e5 2. dxe5 Nc6 3. Nf3 Qe7 4. Qd5 Nb4 5. Qb3 Nc6 6. Qc3 Qe6 7. a3 Nge7 8. Bf4 Ng6 9. Bg3 b5 10. Nbd2 b4 11. Qc4 d5 12. exd6 Qxc4 13. Nxc4 Ba6 14. e3 Bxc4 15. Bxc4 cxd6 16. Ng5 Nge5 17. Bd5 Rc8 18. 0-0 Ne7 19. Bb3 h6 20. Ne4 Nf5 21. axb4 Nc6 22. Ba4 d5 23. Nc5 Bxc5 24. bxc5 0-0 25. Bxc6 Rxc6 26. b4 a6 27. Be5 Re8 28. Bg3 g5 29. Rfd1 Rd8 30. c3 h5 31. e4 Ne7 32. exd5 Rxd5 33. Rxd5 Nxd5 34. Be5 Re6 35. Bd4 f5 36. Kf1 Nf4 37. Be3 Nd5 38. Bxg5 Nxc3 39. Re1 Rg6 40. h4 Nd5 41. Rb1 Rg7 42. b5 Nc3 43. Ra1 axb5 44. Ra8+ Kh7 45. Bf6 1-0

[Event "Budapest FS06 FM-B"]
[Site "Budapest"]
[Date "2010.06.05"]
[Round "1"]
[White "Hetesi, Zoltan"]
[Black "Mayer, Istvan"]
[Result "0-1"]
[WhiteElo "1546"]
[BlackElo "2119"]
[PlyCount "22"]
[EventDate "2010.06.05"]
[EventType "tourn"]
[EventRounds "11"]
[EventCountry "HUN"]
[SourceTitle "CBM 136 Extra"]
[Source "ChessBase"]
[SourceDate "2010.07.02"]
[SourceVersion "2"]
[SourceVersionDate "2010.07.15"]
[SourceQuality "1"]

1. e4 c5 2. Nf3 d6 3. c3 g6 4. d4 Qc7 5. Be3 Bg7 6. d5 Nd7 7. Bd3 Ngf6 8. Na3 a6 9. Nc2 b5 10. Rc1 c4 11. Be2 Nxe4 0-1

[Event "Budapest FS05 FM-C"]
[Site "Budapest"]
[Date "2010.05.05"]
[Round "5"]
[White "Hetesi, Zoltan"]
[Black "Mohamad Chan, Mahathir"]
[Result "1-0"]
[WhiteElo "1546"]
[BlackElo "1721"]
[PlyCount "47"]
[EventDate "2010.05.01"]
[EventType "tourn"]
[EventRounds "7"]
[EventCountry "HUN"]
[SourceTitle "CBM 136 Extra"]
[Source "ChessBase"]
[SourceDate "2010.07.02"]
[SourceVersion "2"]
[SourceVersionDate "2010.07.15"]
[SourceQuality "1"]

1. e4 c6 2. d4 d5 3. Nc3 dxe4 4. Nxe4 Nd7 5. Qe2 e6 6. Nf3 Ngf6 7. Bg5 Be7 8. Bxf6 Nxf6 9. Qe3 0-0 10. Bd3 Qc7 11. Nfg5 Nxe4 12. Nxe4 g6 13. h4 h5 14. Rh3 b6 15. 0-0-0 Bb7 16. Rg3 Bxh4 17. Qh6 Qe7 18. Rh1 Bxg3 19. Nxg3 f6 20. Bxg6 Qg7 21. Qxh5 Rfd8 22. Qg4 f5 23. Qg5 Rd6 24. Rh7 1-0